NTA CSIR UGC NET SET Physical Sciences (Record no. 234675)
[ view plain ]
| 000 -LEADER | |
|---|---|
| fixed length control field | 01628nam a22002297a 4500 |
| 003 - CONTROL NUMBER IDENTIFIER | |
| control field | St Aloysius Coll |
| 005 - DATE AND TIME OF LATEST TRANSACTION | |
| control field | 20250729112508.0 |
| 008 - FIXED-LENGTH DATA ELEMENTS--GENERAL INFORMATION | |
| fixed length control field | 250728b |||||||| |||| 00| 0 eng d |
| 020 ## - INTERNATIONAL STANDARD BOOK NUMBER | |
| International Standard Book Number | 9789364372701 |
| 040 ## - CATALOGING SOURCE | |
| Transcribing agency | AL |
| 041 ## - LANGUAGE CODE | |
| Language code of text/sound track or separate title | English |
| 082 ## - DEWEY DECIMAL CLASSIFICATION NUMBER | |
| Classification number | 530.02 |
| Item number | CHEN |
| 100 ## - MAIN ENTRY--PERSONAL NAME | |
| Personal name | Melemnganba Chenglel W |
| 9 (RLIN) | 220560 |
| 245 ## - TITLE STATEMENT | |
| Title | NTA CSIR UGC NET SET Physical Sciences |
| Remainder of title | : JRF and Lecturership |
| 260 ## - PUBLICATION, DISTRIBUTION, ETC. | |
| Place of publication, distribution, etc. | New Delhi |
| Name of publisher, distributor, etc. | Arihant Publications |
| 300 ## - PHYSICAL DESCRIPTION | |
| Extent | 1280p. |
| Other physical details | PB |
| Dimensions | 27x21cm. |
| 365 ## - TRADE PRICE | |
| Source of price type code | General |
| Price type code | 1941 |
| Price amount | ₹796.00 |
| Currency code | ₹ |
| Unit of pricing | ₹995.00 |
| Price note | 20% |
| Price effective from | 07/14/2025 |
| 520 ## - SUMMARY, ETC. | |
| Summary, etc. | BOOK STRUCTURE • Unitwise coverage of the entire syllabus for Physical Sciences ; Sample questions provided on CSIR website ; Solved paper 2024 BOOK FEATURES ;Complete & exhaustive coverage of the theory ; Chapterwise coverage of the complete syllabus ; Sufficient number of MCQs as per the latest pattern ; Contains all the necessary tools & techniques ; Includes sample questions provided on CSIR website for practice ; Fully solved 2024 question paper for paper pattern understanding WHY THIS BOOK ; Structured in a way that every topic begins with a discussion of the physics like a textbook and supplemented by practice questions ; Includes long answer and subjective type questions for better understanding ; Only book in the market that has complete & exhaustive theory exactly on the NTA UGC CSIR NET pattern & difficulty level ;Contains all the necessary tools & techniques which will assure your success in the exam |
| 650 ## - SUBJECT ADDED ENTRY--TOPICAL TERM | |
| Source of heading or term | Sciences |
| Topical term or geographic name entry element | Physical Sciences |
| 9 (RLIN) | 220566 |
| 700 ## - ADDED ENTRY--PERSONAL NAME | |
| Personal name | Dharamveer Singh, Ishrat Ali |
| 9 (RLIN) | 220562 |
| 942 ## - ADDED ENTRY ELEMENTS (KOHA) | |
| Source of classification or shelving scheme | Dewey Decimal Classification |
| Koha item type | Book |
| Withdrawn status | Lost status | Source of classification or shelving scheme | Damaged status | Not for loan | Collection code | Home library | Current library | Date acquired | Source of acquisition | Cost, normal purchase price | Total Checkouts | Full call number | Barcode | Date last seen | Cost, replacement price | Price effective from | Koha item type |
|---|---|---|---|---|---|---|---|---|---|---|---|---|---|---|---|---|---|
| Dewey Decimal Classification | General | St Aloysius PG Library | St Aloysius PG Library | 07/28/2025 | Biblios Book Point | 796.00 | 530.02 CHEN | PG025071 | 07/28/2025 | 995.00 | Book |